Końcowa Klasyfikacja Tauron Ligi sezon 2023/2024 - Statystyki

Ogólne statystyki
  • Ten quiz został rozwiązany 12 razy
  • Średni wynik to 4 z 12
Statystyki odpowiedzi
Miejsce Drużyna % Poprawnych
1 Grupa Azoty Chemik Police
100%
3 BKS BOSTIK ZGO Bielsko-Biała
50%
4 Grot Budowlani Łódź
50%
2 PGE Rysice Rzeszów
50%
8 Energa MKS Kalisz
25%
12 Grupa Azoty Akademia Tarnów
25%
9 ITA TOOLS STAL Mielec
25%
10 KGHM #VolleyWrocław
25%
5 ŁKS Commercecon Łódź
25%
11 Metalkas Pałac Bydgoszcz
25%
6 MOYA Radomka Radom
25%
7 UNI Opole
13%
Nie znaleziono quizów pasujących do podanych kryteriów
Rozkład punktacji
Procent ludzi z każdym wynikiem
Percentyl według liczby udzielonych odpowiedzi
Twoja historia wyników
Nie rozwiązałeś tego quizu